Robustní politická ekonomie pro 21. století
Gespeichert in:
| 1. Verfasser: | |
|---|---|
| Weitere Verfasser: | |
| Format: | Buch |
| Sprache: | Tschechisch |
| Veröffentlicht: |
Praha
Wolters Kluwer ČR
2011
|
| Schlagworte: | |
| Tags: |
Keine Tags, Fügen Sie das erste Tag hinzu!
|
MARC
| LEADER | 00000nam a2200000 4500 | ||
|---|---|---|---|
| 001 | 0132385 | ||
| 005 | 20221207093810.0 | ||
| 020 | |a 978-80-7357-619-6 | ||
| 041 | 0 | |a cze | |
| 044 | |a CZ | ||
| 245 | 1 | 0 | |a Robustní politická ekonomie pro 21. století |c Peter Boettke ; překlad: Matěj Šuster ... [et al.] |
| 264 | 1 | |a Praha |b Wolters Kluwer ČR |c 2011 | |
| 300 | |a 346 s. | ||
| 610 | 2 | 0 | |a ekonómia politická |
| 610 | 2 | 0 | |a myslenie ekonomické |
| 610 | 2 | 0 | |a školy |
| 610 | 2 | 0 | |a veda ekonomická |
| 610 | 2 | 0 | |a osobnosť |
| 100 | 1 | |a Boettke, Peter J. | |
| 700 | 1 | |a Šuster, Matěj | |